00670nam a2200181 i 450000100060000000300090000600500170001500700030003200800410003510000500007624500870012626000360021330000370024970000340028685200310032099900170035195201200036825627ES-MaACL20251004063051.0t|021227s1953 sp ||||1| spa d1 aArco y Garay, Ricardo del, d1888-195592250710aTemas aragoneses / cRicardo del Arco y Garay ; prólogo de Ramón Celma Bernal. aZaragoza : bNoticiero, c1953. a245 p. : bretr. aut. ; c25 cm.1 aCelma Bernal, Ramón.937373 aES-MaACLjC-6600 bR.35489 c25627d25627 00104070aATENEOMbATENEOMcSPALd2008-01-17eSCl0oC-6600p1026428r2023-02-23 00:00:00w2023-02-23yMONOGRAFIA